| 000 | 01198nam a22003258a 4500 | ||
|---|---|---|---|
| 001 | 013179629 | ||
| 003 | EG-ScBUE | ||
| 005 | 20211222120627.0 | ||
| 008 | 050309s2005 enk f 000 1 eng d | ||
| 020 | _a014144116X (pbk.) : | ||
| 020 | _a9780141441160 | ||
| 040 |
_aEG-ScBUE _beng _erda _cEG-ScBUE _dEG-ScBUE |
||
| 082 | 0 | 4 |
_a823.912 _bFOR _222 |
| 100 | 1 |
_aForster, E. M. _q(Edward Morgan), _d1879-1970, _eauthor. _933591 |
|
| 245 | 1 | 2 |
_aA passage to India / _cE. M. Forster ; edited by Oliver Stallybrass ; with an introdction by Pankaj Mishra. |
| 264 | 1 |
_aLondon : _bPenguin Books, _c2005. |
|
| 300 |
_a384 pages ; _c20 cm. |
||
| 336 |
_2rdacontent _atext _btxt |
||
| 337 |
_2rdamedia _aunmediated _bn |
||
| 338 |
_2rdacarrier _avolume _bnc |
||
| 490 | 0 | _aPenguin classics | |
| 500 | _aIncludes Appendices. | ||
| 650 | 7 |
_aBritish _zIndia _xSocial life and customs _vFiction. _933592 _2BUEsh |
|
| 651 | 7 |
_aIndia _xHistory _yBritish occupation, 1765-1947 _vFiction. _933593 _2BUEsh |
|
| 653 |
_cSeptember2013 _bHHUUEENN |
||
| 655 |
_vReading book _934232 |
||
| 700 | 1 |
_aStallybrass, Oliver, _d1925-1978, _eeditor. _933594 |
|
| 700 | 1 |
_aMishra, Pankaj, _eauthor of introduction, etc. |
|
| 942 |
_2ddc _cBB |
||
| 999 |
_c17511 _d17483 |
||